000 00615nam a22001697a 4500
008 230421b |||||||| |||| 00| 0 eng d
040 _aNational Science Library
_cNational Science Library
080 _a502.55(204)(082.2)
_bL8.1
245 _aWater pollution control in development countries:
_bProceedings of the international conference held at Bangkok, Thailand 21-25 February, 1978
260 _aBangkok:
_bThe Asian Institute of Technology,
_c1978
300 _a264p.
650 _aPollution
653 _aDevelopment
700 1 0 _aOuano, E A R (Ed.)
700 1 0 _aLohani, B N (Ed.)
942 _2udc
_cPR
999 _c22323
_d22323